01742nlm0 22002051i 450 001001300000006001900013007001500032008004100047020001800088040000800106100002700114245005200141260001200193260003000205300001100235520102100246856009301267856009601360856008001456HARMA 219672m g0 d cr mn ---auama260430c go d fre  a9782336560854 bfre0 aAmina Priscille Longoh aConfidences - AutobiographiebAutobiographie -  aParis : bEditions L'Harmattan a100 p. aCet ouvrage décline la vision d’une femme leader, engagée pour son pays et pour l’Afrique. Partant de son expérience dans la société civile et au sein de l’État, elle lance un plaidoyer pour la promotion de la dignité humaine en Afrique, notamment celle des femmes. Loin d’être une construction intellectuelle de circonstance, ce récit découle de l’engagement humaniste de l’autrice sur le terrain, auprès des Tchadiennes et des Tchadiens de tous âges et de toutes conditions. Elle propose un horizon émancipateur aux millions de femmes africaines.<br>Attachée aux valeurs de solidarité, de partage, elle a toujours été convaincue de la mise en commun du temps, de l’énergie, des aptitudes et des moyens de celles et ceux qui veulent changer le destin de l’Afrique.<br>Si tout le monde prospère pour sa grandeur propre et ses réalisations personnelles, elle est en revanche convaincue que la grandeur d’âme est d’une singulière noblesse.  40uhttps://www.editions-harmattan.fr/catalogue/couv/9782336560854r.jpg2Image de couverture40uhttps://www.harmatheque.com/downloadebook/97823365608542Télécharger le livre au format PDF40uhttps://www.harmatheque.com/readebook/97823365608542Lire ce livre en ligne